| Tag |
First Indicator |
Second Indicator |
Subfields |
| LEADER |
00000cam a2200000 a 4500 |
| 001 |
in00001244513 |
| 005 |
20191007093636.0 |
| 008 |
951026s1995 nyua 001 0deng d |
| 010 |
|
|
|a 95218611
|
| 020 |
|
|
|a 0812922964
|
| 035 |
|
|
|a (OCoLC)33286934
|
| 035 |
|
|
|9 AGV5065AM
|
| 040 |
|
|
|a CPlhC
|c DLC
|d TXA
|d UtOrBLW
|
| 042 |
|
|
|a lccopycat
|
| 043 |
|
|
|a n-us---
|
| 049 |
|
|
|a TXAM
|
| 050 |
0 |
0 |
|a E877.2
|b .F58 1995
|
| 082 |
0 |
0 |
|a 973.927/092
|a B
|2 20
|
| 100 |
1 |
|
|a Fitzwater, Marlin.
|
| 245 |
1 |
0 |
|a Call the briefing! :
|b Bush and Reagan, Sam and Helen : a decade with presidents and the press /
|c Marlin Fitzwater.
|
| 250 |
|
|
|a 1st ed.
|
| 264 |
|
1 |
|a New York :
|b Times Books,
|c [1995]
|
| 264 |
|
4 |
|c ©1995
|
| 300 |
|
|
|a xi, 399 pages :
|b illustrations ;
|c 24 cm.
|
| 336 |
|
|
|a text
|b txt
|2 rdacontent
|
| 337 |
|
|
|a unmediated
|b n
|2 rdamedia
|
| 338 |
|
|
|a volume
|b nc
|2 rdacarrier
|
| 500 |
|
|
|a Includes index.
|
| 600 |
1 |
0 |
|a Reagan, Ronald
|x Relations with journalists.
|
| 600 |
1 |
0 |
|a Bush, George,
|d 1924-2018
|x Relations with journalists.
|
| 600 |
1 |
0 |
|a Donaldson, Sam,
|d 1934-
|
| 600 |
1 |
0 |
|a Thomas, Helen,
|d 1920-2013.
|
| 600 |
1 |
0 |
|a Fitzwater, Marlin.
|
| 650 |
|
0 |
|a Presidents
|z United States
|x Staff
|v Biography.
|
| 650 |
|
0 |
|a Press and politics
|z United States.
|
| 651 |
|
0 |
|a United States
|x Politics and government
|y 1981-1989.
|
| 651 |
|
0 |
|a United States
|x Politics and government
|y 1989-1993.
|
| 999 |
|
|
|a MARS
|
| 999 |
f |
f |
|s 6907e3f0-4038-34e8-93d4-3d67dc71ae72
|i 70d79440-8f49-3791-946a-0aabbe4fc443
|t 0
|
| 952 |
f |
f |
|p ric
|a Texas A&M University
|b Rellis Campus
|c Joint Library Facility
|d Remote Storage
|t 0
|e E877.2 .F58 1995
|h Library of Congress classification
|i unmediated -- volume
|m A14819890011
|
| 998 |
f |
f |
|a E877.2 .F58 1995
|t 0
|l Remote Storage
|